| 000 | 00498nam a2200181Ia 4500 | ||
|---|---|---|---|
| 005 | 20250508152945.0 | ||
| 008 | 008 250505s9999 xx 000 0 eng d | ||
| 037 | _aTextual | ||
| 040 |
_aFEDL _beng _cFEDL |
||
| 041 |
_aeng _2eng |
||
| 084 |
_a327.54, BAI _qFEDL |
||
| 100 | _aBains J. S. | ||
| 245 | 0 | _aIndia's international disputes | |
| 260 |
_aBombay, India _bAsia Publishing House _c1962 |
||
| 300 | _avii,219p | ||
| 942 |
_cTEXL _h327.54, BAI |
||
| 999 |
_c1339824 _d1339824 |
||